Helldivers 2 Everything - Statistics

General Stats
  • This quiz has been taken 255 times
    118 since last reset
  • The average score is 60 of 198
Answer Stats
Answer % Correct
AR-23 Liberator
82%
AR-23P Liberator Penetrator
67%
Eagle 500kg Bomb
67%
G-10 Incendiary
63%
Machine Gun
63%
P-4 Senator
63%
Heavy Machine Gun
58%
SG-225 Breaker
54%
Stalwart
54%
AR-23C Liberator Concussive
53%
Autocannon
53%
Orbital Laser
51%
Patriot Exosuit
51%
Cadet
47%
Expendable Anti-Tank
47%
G-16 Impact
47%
Helldivers Mobilize
47%
LAS-16 Sickle
47%
Recoilless Rifle
47%
AR-23A Liberator Carbine
46%
AR-2 Coyote
46%
Democratic Detonation
46%
Eagle Airstrike
46%
Laser Cannon
46%
Machine Gun Sentry
46%
Orbital Gas Strike
46%
Quasar Cannon
46%
SG-225IE Breaker Incendiary
46%
SG-8 Punisher
46%
Spear
46%
Eagle 110mm Rocket Pods
44%
G-123 Thermite
44%
CB-9 Exploding Crossbow
42%
Flamethrower
42%
G-12 High Explosive
42%
Mortar Sentry
42%
P-2 Peacemaker
42%
Eagle Smoke Strike
40%
G-6 Frag
40%
LAS-58 Talon
40%
LAS-5 Scythe
40%
Orbital Napalm Barrage
40%
Orbital Precision Strike
40%
Orbital Smoke Strike
40%
SG-8S Slugger
40%
SMG-37 Defender
40%
Solo Silo
40%
Truth Enforcers
40%
Viper Commando
40%
Dust Devils
39%
Eagle Strafing Run
39%
G-23 Stun
39%
Guard Dog
39%
R-2124 Constitution
39%
Supply Pack
39%
Freedom's Flame
37%
Gatling Sentry
37%
GP-31 Grenade Pistol
37%
R-6 Deadeye
37%
SG-225SP Breaker Spray and Pray
37%
Steeled Veterans
37%
AR-61 Tenderizer
35%
Arc Thrower
35%
CQC-19 Stun Lance
35%
GP-31 Ultimatum
35%
Guard Dog Rover
35%
Jump Pack
35%
MP-98 Knight
35%
R-36 Eruptor
35%
R-63 Diligence
35%
SG-451 Cookout
35%
SMG-32 Reprimand
35%
VG-70 Variable
35%
Autocannon Sentry
33%
Commando
33%
Control Group
33%
Cutting Edge
33%
Eagle Cluster Bomb
33%
Expendable Napalm
33%
G-3 Smoke
33%
LAS-17 Double-Edge Sickle
33%
Orbital 120mm HE Barrage
33%
Orbital 380mm HE Barrage
33%
PLAS-1 Scorcher
33%
Speargun
33%
Viper Commandos
33%
Warp Pack
33%
BR-14 Adjudicator
32%
G-13 Incendiary Impact
32%
G-4 Gas Grenade
32%
JAR-5 Dominator
32%
R-63CS Diligence Counter Sniper
32%
Rocket Sentry
32%
SG-20 Halt
32%
Space Cadet
32%
Admiral
30%
Anti-Materiel Rifle
30%
Chemical Agents
30%
Grenade Launcher
30%
Hover Pack
30%
Laser Sentry
30%
Orbital EMS Strike
30%
Orbital Gatling Barrage
30%
P-19 Redeemer
30%
Polar Patriots
30%
R-2 Amendment
30%
Railgun
30%
SG-8P Punisher Plasma
30%
StA-11 SMG
30%
Anti-Tank Emplacement
28%
Anti-Tank Mines
28%
AR-32 Pacifier
28%
CQC-2 Saber
28%
EMS Mortar Sentry
28%
Epoch
28%
Flame Sentry
28%
Force of Law
28%
Orbital Walking Barrage
28%
P-72 Crisper
28%
Servants of Freedom
28%
Urban Legends
28%
Airburst Rocket Launcher
26%
Borderline Justice
26%
Emancipator Exosuit
26%
FLAM-66 Torcher
26%
Free of Thought
26%
G-7 Pineapple
26%
Gas Mines
26%
Masters of Ceremony
26%
Sterilizer
26%
TED-63 Dynamite
26%
Tesla Tower
26%
ARC-12 Blitzer
25%
One True Flag
25%
Orbital Railcannon Strike
25%
PLAS-15 Loyalist
25%
Portable Hellbomb
25%
Fast Recon Vehicle
23%
G-50 Seeker
23%
Incendiary Mines
23%
P-113 Verdict
23%
PLAS-101 Purifier
23%
StA-X43 W.A.S.P Launcher
23%
Orbital Airburst Strike
21%
Sergeant
21%
SMG-72 Pummeler
21%
StA-52 Assault Rifle
21%
Ballistic Shield Backpack
19%
G-31 Arc
19%
General
19%
HMG Emplacement
19%
LAS-7 Dagger
19%
MA5C Assault Rifle
19%
P-11 Stim Pistol
19%
Super Pedestrian
19%
Anti-Personnel Minefield
18%
Chief
18%
De-escalator
18%
Eagle Napalm Airstrike
18%
M90A Shotgun
18%
Rookie
18%
Shield Generator Relay
18%
Super Citizen
18%
Commander
16%
G-142 Pyrotech
16%
K-2 Throwing Knife
16%
PLAS-39 Accelerator Rifle
16%
Private
16%
Skull Admiral
16%
Burier of Heads
14%
Decorated Hero
14%
Halo ODST
14%
Hell Commander
14%
M6C/SOCOM Pistol
14%
M7S SMG
14%
Master Sergeant
14%
Shield Generator Pack
14%
Super Sheriff
14%
10 Star General
12%
5 Star General
12%
Death Captain
12%
G-109 Urchin
12%
Grenadier Battlement
12%
Guard Dog "Dog Breath"
12%
Guard Dog K9
12%
Marshal
12%
Super Private
12%
Admirable Admiral
11%
Directional Shield
11%
Fire Safety Officer
11%
Space Chief Prime
11%
Expert Exterminator
7%
Fleet Admiral
7%
SG-22 Bushwacker
7%
Exemplary Subject
5%
Galactic Commander
4%
Assault Infantry
2%
Star Marshal
2%
No matching quizzes found
Score Distribution
Percent of People with Each Score
Percentile by Number Answered
Your Score History
You have not taken this quiz since the last reset